<?xml version="1.0" encoding="UTF-8"?>
<record
    xmlns:xsi="http://www.w3.org/2001/XMLSchema-instance"
    xsi:schemaLocation="http://www.loc.gov/MARC21/slim http://www.loc.gov/standards/marcxml/schema/MARC21slim.xsd"
    xmlns="http://www.loc.gov/MARC21/slim">

  <leader>00458nam a22001697a 4500</leader>
  <datafield tag="999" ind1=" " ind2=" ">
    <subfield code="c">523953</subfield>
    <subfield code="d">523953</subfield>
  </datafield>
  <controlfield tag="003">NUST</controlfield>
  <datafield tag="038" ind1=" " ind2=" ">
    <subfield code="a">Shaban</subfield>
  </datafield>
  <datafield tag="082" ind1=" " ind2=" ">
    <subfield code="a">891.491</subfield>
    <subfield code="b">NIA</subfield>
  </datafield>
  <datafield tag="100" ind1=" " ind2=" ">
    <subfield code="a">Niazi, Muhammad Muzhar</subfield>
    <subfield code="9">14780</subfield>
  </datafield>
  <datafield tag="245" ind1=" " ind2=" ">
    <subfield code="a">Hanj da wan</subfield>
    <subfield code="c">Muhammad Muzhar Niazi</subfield>
  </datafield>
  <datafield tag="260" ind1=" " ind2=" ">
    <subfield code="a">Faisalabad -:</subfield>
    <subfield code="b">Misaal Publisher, </subfield>
    <subfield code="c">2005.</subfield>
  </datafield>
  <datafield tag="300" ind1=" " ind2=" ">
    <subfield code="a">143 p. -;</subfield>
  </datafield>
  <datafield tag="500" ind1=" " ind2=" ">
    <subfield code="a">Hardcover</subfield>
  </datafield>
  <datafield tag="880" ind1=" " ind2=" ">
    <subfield code="6">100-02\r</subfield>
    <subfield code="a">&#x645;&#x62D;&#x645;&#x651;&#x62F; &#x645;&#x638;&#x6C1;&#x631; &#x646;&#x6CC;&#x627;&#x632;&#x6CC;</subfield>
  </datafield>
  <datafield tag="880" ind1=" " ind2=" ">
    <subfield code="6">245-02\r</subfield>
    <subfield code="a">&#x6C1;&#x646;&#x62C; &#x62F;&#x627; &#x648;&#x6CC;&#x646;</subfield>
  </datafield>
  <datafield tag="942" ind1=" " ind2=" ">
    <subfield code="2">ddc</subfield>
    <subfield code="c">BK</subfield>
  </datafield>
  <datafield tag="952" ind1=" " ind2=" ">
    <subfield code="0">0</subfield>
    <subfield code="1">0</subfield>
    <subfield code="2">ddc</subfield>
    <subfield code="4">0</subfield>
    <subfield code="7">0</subfield>
    <subfield code="a">CL</subfield>
    <subfield code="b">CL</subfield>
    <subfield code="d">2019-06-12</subfield>
    <subfield code="l">0</subfield>
    <subfield code="o">891.491 NIA</subfield>
    <subfield code="p">CL-E-1763</subfield>
    <subfield code="r">2019-06-12</subfield>
    <subfield code="w">2019-06-12</subfield>
    <subfield code="y">BK</subfield>
  </datafield>
</record>
